Vypalujeme DVD. /

Uložené v:
Podrobná bibliografia
Hlavný autor: Broža, Petr (Author)
Médium: Kniha
Jazyk:Czech
Vydané: Praha : Computer Press, 2003
Vydanie:1. vyd.
Témy:
ISBN: 8072267825 (brož.)
Fyzický popis: x, 162 s. : CDK 1299, 1298 + 1 CD-ROM
Tagy: Pridať tag
Žiadne tagy, Buďte prvý kto otaguje tento záznam!

MARC

LEADER 00000nam a2200000 a 4500
001 000084635
003 SVKK
005 20031128000000.0
008 031008s2003 cs e czeo
020 |a 8072267825 (brož.) 
040 |a SVKKK  |b slo  |c SVKKK  |e AACR2 
041 0 |a cze 
044 |a cs  |c CS 
080 |a 004.085.4(035)  |2 1997 
080 |a 004.4`274(035)  |2 1997 
100 1 |a Broža, Petr  |4 aut 
245 1 0 |a Vypalujeme DVD. /  |c Petr Broža 
250 |a 1. vyd. 
260 |a Praha :  |b Computer Press,  |c 2003 
300 |a x, 162 s. :  |b CDK 1299, 1298 +  |e 1 CD-ROM 
653 0 |a DVD  |2 SVKKKPH 
653 0 |a vypaľovanie  |2 SVKKKPH 
653 0 |a príručky  |2 SVKKKPH 
655 7 |a príručky  |2 SVKKKPH 
910 |a svkkk 
919 |a 80-7226-782-5 
974 |a UH  |d 20031112 
974 |a KL  |d 20031105 
974 |a TI  |d 20031128 
998 |a BK 
090 |g SCKHL  |k Sklad Pribinova prízemie  |a IV.188833  |j 955804  |i 2720016592  |s Absenčne 
090 |g SCKHL  |k Sklad Pribinova prízemie  |a IV.188834  |j 955805  |i 2720020044  |s Absenčne